000 00220nam a2200097Ia 4500
008 240331s9999 xx 000 0 und d
082 _bJAY
100 _aJayarasa,S
245 0 _aElakkiyath thiranaivu kotpatukal
942 _cL
999 _c4630
_d4630